| 000 | 01075cam a2200289 a 4500 | ||
|---|---|---|---|
| 003 | BD-DhUIB | ||
| 005 | 20210603112742.0 | ||
| 008 | 960920s1997 ilua b 001 0 eng | ||
| 020 | _a0256140219 | ||
| 040 |
_aDLC _cDLC _dBD-DhUIB |
||
| 082 | 0 | 0 |
_a658.4033 _220 |
| 100 | 1 |
_aBonini, Charles P. _9533 |
|
| 245 | 1 | 0 |
_aQuantitative analysis for management / _cby Charles P. Bonini, Warren H. Hausman, Harold Bierman Jr. |
| 250 | _a9th ed. | ||
| 260 |
_aChicago : _bIrwin, _cc1997. |
||
| 300 |
_axii, 540 p. : _bill. ; _c26 cm. |
||
| 500 | _aRev. ed. of: Quantitative analysis for business decisions / Harold Bierman. 8th. ed. c1991. | ||
| 504 | _aIncludes bibliographical references and index. | ||
| 526 | _aMBA. | ||
| 650 | 0 |
_aIndustrial management _xMathematical models. _9534 |
|
| 650 | 0 |
_aDecision making _xMathematical models. _9535 |
|
| 650 | 0 |
_aManagement _xProblems, exercises, etc. _9536 |
|
| 700 | 1 |
_aHausman, Warren H. _9537 |
|
| 700 | 1 |
_aBierman, Harold. _9538 |
|
| 700 | 1 |
_aBierman, Harold. _tQuantitative analysis for business decisions. _9539 |
|
| 942 |
_2ddc _cBK |
||
| 999 |
_c267 _d267 |
||